[Event "Tel Aviv-B"]
[Site "Tel Aviv"]
[Date "1991.??.??"]
[Round "9"]
[White "Sindik, Ervin"]
[Black "Temanlis, Yoel"]
[Result "1-0"]
[WhiteElo "2365"]
[BlackElo "2255"]
[PlyCount "87"]
[EventDate "1991.07.??"]
[EventType "tourn"]
[EventRounds "11"]
[EventCountry "ISR"]
[EventCategory "5"]
[SourceTitle "CBM 027 Extra"]
[Source "ChessBase"]
[SourceDate "1992.05.01"]
[SourceVersion "1"]
[SourceVersionDate "1992.05.01"]
[SourceQuality "1"]

1. e4 c5 2. Nf3 Nc6 3. d4 cxd4 4. Nxd4 Nf6 5. Nc3 Qb6 6. Nb3 e6 7. Bd3 a6 8. Be3 Qc7 9. f4 d6 10. Qe2 Nb4 11. 0-0-0 Be7 12. Kb1 Nd7 13. g4 Nc5 14. Rc1 Bd7 15. Nd4 b5 16. g5 Rb8 17. f5 Nc6 18. g6 hxg6 19. fxe6 Bxe6 20. Nxe6 Nxe6 21. Nd5 Qd7 22. c4 b4 23. Bc2 Ne5 24. Nb6 Qd8 25. Ba4+ Kf8 26. Nd5 Bg5 27. c5 Bxe3 28. Qxe3 dxc5 29. Rxc5 Qd6 30. Rc2 Ng4 31. Qf3 Nh6 32. Rd1 Qe5 33. Nb6 Qa5 34. Nd7+ Kg8 35. Bb3 Re8 36. e5 Qb5 37. Bxe6 fxe6 38. Qg4 Re7 39. Rc8+ Kh7 40. Rxh8+ Kxh8 41. Qxg6 Rxd7 42. Qe8+ Kh7 43. Qxd7 Qxe5 44. Qd3+ 1-0

[Event "Tel Aviv-B"]
[Site "Tel Aviv"]
[Date "1991.??.??"]
[Round "3"]
[White "Sindik, Ervin"]
[Black "Tsesarsky, Ilya"]
[Result "1/2-1/2"]
[WhiteElo "2365"]
[BlackElo "2440"]
[PlyCount "56"]
[EventDate "1991.07.??"]
[EventType "tourn"]
[EventRounds "11"]
[EventCountry "ISR"]
[EventCategory "5"]
[SourceTitle "CBM 027 Extra"]
[Source "ChessBase"]
[SourceDate "1992.05.01"]
[SourceVersion "1"]
[SourceVersionDate "1992.05.01"]
[SourceQuality "1"]

1. d4 Nf6 2. Nf3 e6 3. c4 b6 4. g3 Ba6 5. Nbd2 Bb7 6. Bg2 c5 7. 0-0 cxd4 8. Nxd4 Bxg2 9. Kxg2 Qc7 10. b3 Be7 11. Bb2 a6 12. Rc1 0-0 13. e3 d6 14. Qf3 Ra7 15. Rfd1 Rc8 16. Ne4 Nbd7 17. Nxf6+ Bxf6 18. Ba3 Be7 19. Rd2 h6 20. Rcd1 Ne5 21. Qh5 b5 22. f4 Nc6 23. Nxc6 Qxc6+ 24. Qf3 bxc4 25. Qxc6 Rxc6 26. bxc4 Rd7 27. c5 d5 28. e4 Rdc7 1/2-1/2

[Event "Tel Aviv-B"]
[Site "Tel Aviv"]
[Date "1991.??.??"]
[Round "6"]
[White "Zak, Uriel"]
[Black "Sindik, Ervin"]
[Result "1-0"]
[WhiteElo "2295"]
[BlackElo "2365"]
[PlyCount "43"]
[EventDate "1991.07.??"]
[EventType "tourn"]
[EventRounds "11"]
[EventCountry "ISR"]
[EventCategory "5"]
[SourceTitle "CBM 027 Extra"]
[Source "ChessBase"]
[SourceDate "1992.05.01"]
[SourceVersion "1"]
[SourceVersionDate "1992.05.01"]
[SourceQuality "1"]

1. d4 Nf6 2. Nf3 c5 3. g3 cxd4 4. Nxd4 Nc6 5. Bg2 d5 6. 0-0 e5 7. Nxc6 bxc6 8. c4 Be6 9. Qa4 Qd7 10. Nc3 Rc8 11. cxd5 cxd5 12. Qxd7+ Kxd7 13. Rd1 Rc5 14. Bg5 Kc6 15. Rac1 e4 16. Be3 Kb7 17. Bxc5 Bxc5 18. Nxd5 Bxf2+ 19. Kxf2 Bxd5 20. Rxd5 Nxd5 21. Bxe4 Rd8 22. Rc5 1-0

[Event "Pula tt2"]
[Site "Pula"]
[Date "1990.??.??"]
[Round "6"]
[White "Brkovic, Zoran"]
[Black "Sindik, Ervin"]
[Result "1/2-1/2"]
[WhiteElo "2365"]
[BlackElo "2355"]
[PlyCount "60"]
[EventDate "1990.??.??"]
[EventType "team"]
[EventRounds "11"]
[EventCountry "YUG"]
[SourceTitle "EXT 2000"]
[Source "ChessBase"]
[SourceDate "1999.11.16"]
[SourceVersion "1"]
[SourceVersionDate "1999.11.16"]
[SourceQuality "1"]

1. e4 c5 2. Nf3 d6 3. d4 cxd4 4. Nxd4 Nf6 5. Nc3 a6 6. g3 e6 7. Bg2 Be7 8. 0-0 Qc7 9. f4 0-0 10. a4 Nc6 11. Nb3 Na5 12. Nxa5 Qxa5 13. Be3 Bd7 14. Qd2 Qc7 15. a5 Bc6 16. h3 Rac8 17. g4 Nd7 18. g5 f5 19. Rf2 Nc5 20. Bxc5 dxc5 21. exf5 Bxg2 22. Rxg2 Rxf5 23. Qe3 Qc6 24. Re1 c4 25. Qxe6+ Qxe6 26. Rxe6 Bc5+ 27. Kh2 Rxf4 28. Nd5 Rf7 29. Nb6 Bxb6 30. axb6 Rc5 1/2-1/2

[Event "Pula tt2"]
[Site "Pula"]
[Date "1990.??.??"]
[Round "9"]
[White "Markovic, Miroljub"]
[Black "Sindik, Ervin"]
[Result "1/2-1/2"]
[WhiteElo "2280"]
[BlackElo "2355"]
[PlyCount "49"]
[EventDate "1990.??.??"]
[EventType "team"]
[EventRounds "11"]
[EventCountry "YUG"]
[SourceTitle "EXT 2000"]
[Source "ChessBase"]
[SourceDate "1999.11.16"]
[SourceVersion "1"]
[SourceVersionDate "1999.11.16"]
[SourceQuality "1"]

1. e4 c5 2. Nc3 d6 3. f4 Nc6 4. Nf3 g6 5. Bc4 Bg7 6. 0-0 e6 7. f5 gxf5 8. exf5 d5 9. Bb5 Bd7 10. fxe6 fxe6 11. Bxc6 bxc6 12. Ne5 Nf6 13. b3 0-0 14. Bb2 Qc7 15. Qe2 c4 16. Rae1 cxb3 17. axb3 Rae8 18. Rf3 Bc8 19. Rg3 c5 20. d3 d4 21. Nb5 Qe7 22. Bc1 Kh8 23. Rh3 Kg8 24. Rg3 Kh8 25. Rh3 1/2-1/2

[Event "Pula tt2"]
[Site "Pula"]
[Date "1990.??.??"]
[Round "1"]
[White "Sindik, Ervin"]
[Black "Nurkic, Sahbaz"]
[Result "1/2-1/2"]
[WhiteElo "2355"]
[BlackElo "2395"]
[PlyCount "55"]
[EventDate "1990.??.??"]
[EventType "team"]
[EventRounds "11"]
[EventCountry "YUG"]
[SourceTitle "EXT 2000"]
[Source "ChessBase"]
[SourceDate "1999.11.16"]
[SourceVersion "1"]
[SourceVersionDate "1999.11.16"]
[SourceQuality "1"]

1. e4 g6 2. d4 Bg7 3. c3 d6 4. Nf3 Nf6 5. Bd3 0-0 6. 0-0 Nc6 7. b4 Bg4 8. h3 Bd7 9. a4 a6 10. Na3 e5 11. b5 axb5 12. axb5 Na5 13. Re1 Be6 14. Ng5 Bb3 15. Qe2 Nh5 16. Nf3 Ba4 17. Bg5 Qe8 18. Nc4 Nxc4 19. Bxc4 c6 20. bxc6 bxc6 21. dxe5 dxe5 22. g3 Qd7 23. Kg2 h6 24. Be3 Kh7 25. Bc5 Rfd8 26. Ra2 Bb5 27. Rxa8 Rxa8 28. Bxb5 1/2-1/2